| 000 | 01270nam a22003254a 4500 | ||
|---|---|---|---|
| 001 | ebr5006339 | ||
| 003 | CaPaEBR | ||
| 006 | m u | ||
| 007 | cr cn||||||||| | ||
| 008 | 010306s2001 mau sb 001 0 eng | ||
| 010 | _z 2001025600 | ||
| 020 | _z052180759X | ||
| 020 | _z0521002508 (pbk.) | ||
| 040 |
_aCaPaEBR _cCaPaEBR |
||
| 035 | _a(OCoLC)52497556 | ||
| 050 | 1 | 4 |
_aDS480.842 _b.P363 2001eb |
| 082 | 0 | 4 |
_a954.03/5 _221 |
| 100 | 1 | _aPandey, Gyanendra. | |
| 245 | 1 | 0 |
_aRemembering partition _h[electronic resource] : _bviolence, nationalism, and history in India / _cGyanendra Pandey. |
| 260 |
_aCambridge ; _aNew York : _bCambridge University Press, _c2001. |
||
| 300 | _axiii, 218 p. | ||
| 504 | _aIncludes bibliographical references (p. 206-211) and index. | ||
| 533 |
_aElectronic reproduction. _bPalo Alto, Calif. : _cebrary, _d2013. _nAvailable via World Wide Web. _nAccess may be limited to ebrary affiliated libraries. |
||
| 650 | 0 |
_aNationalism _zIndia. |
|
| 650 | 0 |
_aCommunalism _zIndia. |
|
| 651 | 0 |
_aIndia _xHistory _yPartition, 1947. |
|
| 655 | 7 |
_aElectronic books. _2local |
|
| 710 | 2 | _aebrary, Inc. | |
| 856 | 4 | 0 |
_uhttp://site.ebrary.com/lib/rucke/Doc?id=5006339 _zAn electronic book accessible through the World Wide Web; click to view |
| 999 |
_c21479 _d21479 |
||